000 00570cam a2200157 a 4500
020 _a0471577588 (alk. paper)
040 _cDLC
082 0 0 _a915 CHI 1994 C161 Or.
100 1 _aChao, Sung-chʻiao.
245 1 0 _aGeography of China :
_benvironment, resources, population, and development /
260 _aNew York :
_bJohn Wiley,
_c1994.
300 _axix, 332 p., [8] p. of plates :
_bill. (some col.) ;
_c26 cm.
856 4 2 _uhttp://www.loc.gov/catdir/description/wiley032/93034414.html
856 4 _uhttp://www.loc.gov/catdir/toc/onix03/93034414.html
942 _cAEDBB
999 _c19274
_d19274